01362nam a2200265Ia 450000500170000000800410001704000530005804100080011124500760011926000650019530000380026049000330029850001770033150801550050851100640066354600230072765000270075065000400077770000340081771000300085171000240088171000160090576500250092185601500094620140801170639.0130821s1988 ck g q mlspa d aCO-BoUCMbspacOscar Anaya (modificó)d[Nuevo] aspa13aEl último CarnavalcErnesto McCauslandbuna historia verdaderah[DVD] aBogotá (Cundinamarca, Colombia)bLa Esquina del Cinec1988 a1 DVD, 90 minutosbimagen, sonido aLo mejor del cine Colombiano aSINOPSIS: Es la historia real de Benjamín García que se disfraza de Drácula en el carnaval de Barranquilla y termina creyéndose finalmente el Conde de Transilvania aCRÉDITOS: Dirigida y producida por Ernesto McCausland ; escrita por Miriam de Flores ; música por Fernando Reina ; fotografía por Danilo Perdomo0 aREPARTO: Jorge Cao, Jennifer Steffens, Ana Milena Londoño aAudio en español04aNovela colombianavDVD04aPelículas cinematográficasvDVD1 aMcCausland, Ernestoedirector2 aProImagenes en Movimiento2 aLa Esquina del Cine2 aRoyal Films0 tEl último Carnaval40uhttps://www.youtube.com/watch?v=-Mv8JuCJG8MzSiga este enlace para ver el trailerzTrailer tomado del canal La Esquina del Cine vía YouTube.com